000 01074nam a2200265Ia 4500
003 OSt
005 20221005105314.0
006 a|||||r|||| 00| 0
007 ta
008 221004b |||||||| |||| 00| 0 hin d
020 _a9788178440934 (hbk)
_c1590
024 _a16329
037 _bBL172, 07/01/2015, K. K. Publications
_cTextual
040 _aCRL
_cCRL
_bhin
041 _2hin
_ahin
082 _aO152,2:gP, Q1
100 _aवीणा गौतम
245 0 _aहिन्दी नाटक
_b रंगानुशासन एवं प्रायोगिक नवोन्मेष सन् 1947 . 2010
246 _aHindī nāṭaka: rangānushāsan evan prāyogik navonmeṣh san 1947 . 2010
260 _aनई दिल्ली
_bके. के. पब्लिकेशन्स भारत
_c2011
300 _a336पृ0
_ccm.
650 _aहिन्दी साहित्य
942 _hO152,2:gP, Q1
_cTEXL
_2cc
999 _c1015419
_d1015419